Zahraničně-obchodní atlas Irák
Politicko-ekonomická situácia v Iraku. Diplomatické a obchodné vzťahy Iraku s Českou republikou. Vzájomný obchod s Českom (1990-1997). Adresa obchodno-technických kancelárií v Bagdade. Veľvyslanectvo ČR v Iraku.
Salvato in:
| Autore principale: | |
|---|---|
| Natura: | Libro |
| Lingua: | ceco |
| Soggetti: | |
| Tags: |
Nessun Tag, puoi essere il primo ad aggiungerne!!
|
MARC
| LEADER | 00000nam a2200000 4500 | ||
|---|---|---|---|
| 001 | r030378 | ||
| 005 | 20230920094257.9 | ||
| 041 | 0 | |a cze | |
| 044 | |a CZ | ||
| 245 | 1 | 0 | |a Zahraničně-obchodní atlas |b Irák |c Jozef Maniš |
| 520 | |a Politicko-ekonomická situácia v Iraku. Diplomatické a obchodné vzťahy Iraku s Českou republikou. Vzájomný obchod s Českom (1990-1997). Adresa obchodno-technických kancelárií v Bagdade. Veľvyslanectvo ČR v Iraku. | ||
| 610 | 2 | 0 | |a obchod zahraničný |
| 610 | 2 | 0 | |a Irak |
| 610 | 2 | 0 | |a Česko |
| 610 | 2 | 0 | |a situácia hospodárska |
| 610 | 2 | 0 | |a politika vnútorná |
| 610 | 2 | 0 | |a spolupráca hospodárska medzinárodná |
| 610 | 2 | 0 | |a 1990-1997 |
| 100 | 1 | |a Maniš, Jozef | |